| 000 | 01548nam a2200397 a 4500 | ||
|---|---|---|---|
| 001 | ebr10491959 | ||
| 003 | CaPaEBR | ||
| 006 | m u | ||
| 007 | cr cn||||||||| | ||
| 008 | 991115s2000 pau sb 001 0 eng d | ||
| 010 | _z 99056639 | ||
| 020 | _z081223538X | ||
| 020 | _z0812217209 (pbk.) | ||
| 020 | _z9780812217209 | ||
| 020 | _z9780812200607 (e-book) | ||
| 040 |
_aCaPaEBR _cCaPaEBR |
||
| 035 | _a(OCoLC)759158216 | ||
| 043 | _an-us--- | ||
| 050 | 1 | 4 |
_aGN480.2 _b.F56 2000eb |
| 082 | 0 | 4 |
_a306.4/61 _221 |
| 100 | 1 | _aFinkler, Kaja. | |
| 245 | 1 | 0 |
_aExperiencing the new genetics _h[electronic resource] : _bfamily and kinship on the medical frontier / _cKaja Finkler. |
| 260 |
_aPhiladelphia : _bUniversity of Pennsylvania Press, _cc2000. |
||
| 300 | _axiv, 276 p. | ||
| 504 | _aIncludes bibliographical references and index. | ||
| 505 | 0 | _apt. 1. Setting the stage : kinship and genetics -- pt. 2. Setting out people's experience -- pt. 3. Implications. | |
| 533 |
_aElectronic reproduction. _bPalo Alto, Calif. : _cebrary, _d2011. _nAvailable via World Wide Web. _nAccess may be limited to ebrary affiliated libraries. |
||
| 650 | 0 | _aFamilies. | |
| 650 | 0 |
_aHeredity, Human _xSocial aspects. |
|
| 650 | 0 | _aKinship. | |
| 650 | 0 |
_aMedical genetics _xSocial aspects. |
|
| 650 | 0 |
_aFamilies _zUnited States. |
|
| 655 | 7 |
_aElectronic books. _2local |
|
| 710 | 2 | _aebrary, Inc. | |
| 856 | 4 | 0 |
_uhttp://site.ebrary.com/lib/rucke/Doc?id=10491959 _zAn electronic book accessible through the World Wide Web; click to view |
| 999 |
_c126296 _d126296 |
||